| 000 -LEADER |
| fixed length control field |
01659nam a22001577a 4500 |
| 008 - FIXED-LENGTH DATA ELEMENTS--GENERAL INFORMATION |
| fixed length control field |
220225b ||||| |||| 00| 0 eng d |
| 100 ## - MAIN ENTRY--PERSONAL NAME |
| Personal name |
Erlingsson, G.O., Odalen, J. and Wangmar, E. |
| 245 ## - TITLE STATEMENT |
| Title |
How coerced municipal amalgamations thwart the values of local self-government |
| 260 ## - PUBLICATION, DISTRIBUTION, ETC. (IMPRINT) |
| Place of publication, distribution, etc |
Urban Affairs Review |
| 300 ## - PHYSICAL DESCRIPTION |
| Extent |
57(5), Sep, 2021: p.1226-1251 |
| 520 ## - SUMMARY, ETC. |
| Summary, etc |
Arguments invoking increased functional efficiency have had a profound impact on local government reforms in advanced democracies during the past 60 years. Consequently, most mature democracies have implemented municipal amalgamation reforms, often through top-down coercion. In this article, we demonstrate how far central governments have been willing to go, in terms of coercion, by providing an in-depth historical account of Swedish municipal amalgamations between 1952 and 1974. Debates on amalgamation reforms have typically revolved around pros and cons of mergers. But very few discussions have addressed the more fundamental moral problem of enforcing amalgamations through coercion. Often, large-scale mergers are carried through against the expressed will of municipalities who wish to remain self-governing. In this article, we present a normative defense of strong local self-government, based partly on values of individual autonomy, and partly on group-based human rights, and we show how coerced amalgamations are at odds with these values. – Reproduced |
| 650 ## - SUBJECT ADDED ENTRY--TOPICAL TERM |
| Topical term or geographic name as entry element |
Local self-government, Local autonomy, Self-determination, Coerced amalgamations, Amalgamations |
| 9 (RLIN) |
30225 |
| 773 ## - HOST ITEM ENTRY |
| Main entry heading |
Urban Affairs Review |
| 906 ## - LOCAL DATA ELEMENT F, LDF (RLIN) |
| Subject DIP |
LOCAL GOVERNMENTS |
| 942 ## - ADDED ENTRY ELEMENTS (KOHA) |
| Item type |
Articles |